| 000 | 00377nam a2200157Ia 4500 | ||
|---|---|---|---|
| 008 | 230917s9999||||xx |||||||||||||| ||und|| | ||
| 020 | _cRS275 | ||
| 040 |
_e23173 _aMAIN |
||
| 041 | _aEnglish | ||
| 082 | _a330.1 U1E | ||
| 100 | _aUma Devi, S | ||
| 245 | 0 | _aEvpolution of economic thought and theory | |
| 260 |
_aNew Delhi _bS Chand _c1996 |
||
| 300 | _a223 p. | ||
| 942 | _cBK | ||
| 999 |
_c90171 _d90171 |
||